Регионална библиотека "Любен Каравелов" - Русе

Картинни тестове (Запис номер 101269)

MARC детайли
000 -Лидер
Контролно поле с фиксирана дължина 01595nam a2200397 c 4500
003 - Код на организацията, давaща контролен номер
Контролно поле BLK
005 - Дата и час на последна редакция
Контролно поле 20180422105405.0
008 - Елементи от данни с фиксирана дължина
fixed length control field 180409b bul|||||r ||||||| ||bul||
010 ## - Наследен системен номер
LC control number KNG00106312000
020 ## - Международен стандартен номер на книга ISBN
Международен стандартен номер на книга ISBN 954-607-306-7
-- издат.: Лик
040 ## - Източник на каталожния запис
Идентификатор на билиотеката - собственик на записа BLK
041 ## - Код за език
Код за езика на текст/звукозапис или на отделно заглавие Български
Код за езика КДБФ Български
080 ## - УДК
Текстов определител УДК Тест. Изследване. Психологически експеримент. Измервания.
УДК код - определител по УДК 159.9.072
УДК определител
УДК - код + определител 159.9.072
080 ## - УДК
Текстов определител УДК Игри за ловкост. Главоблъсканици. Пъзели
УДК код - определител по УДК 794.5
УДК определител
УДК - код + определител 794.5
100 1# - Редна дума - Автор
Автор Ръсел, Кен
Авторска отговорност първи автор
R(LIN) 261066
139 ## - Редно поле
Редна дума Ръсел, Кен и др.
Авторски знак Ръс - Р 98
245 10 - Сведения за заглавието
Заглавие Картинни тестове
Редно поле (дума) Кен Ръсел; съавт. Филип Картър; прев. от англ. Албена Василева.
257 ## - Страна на издаване
Страна на създаване/издаване Великобритания
260 ## - Област на издателските данни
-- София
Име на издателя, разпространителя и проч. Лик
Година на издаване 2000
300 ## - Физическа характеристика
Страници 221 с.
Илюстрации и др. с ил.
Размери/Мащаб 20 см
380 ## - Жанр
Жанр Философия
490 1# - СЕРИИ (Колекции)
Име на серия Светът на интелекта
500 ## - Общи забележки
Забележка Ориг. загл. Picture Puzzles / Ken Russel, Philip Carter. - Офс. изд.
650 #4 - Допълнително описание по предмет – тема
Основно описание – тема или топоним Тестове - за интелигентност
9 (RLIN) 258218
650 #4 - Допълнително описание по предмет – тема
Основно описание – тема или топоним Игри за развлечение
9 (RLIN) 245182
653 ## - Ключова дума – ненормативна
Ключова дума тестове
653 ## - Ключова дума – ненормативна
Ключова дума интелигентност
653 ## - Ключова дума – ненормативна
Ключова дума игри
700 1# - Други автори (авторска отговорност)
Лично име Картър, Филип
Автороска отговорност (Описва отношението между автора и произведението) съавт.
9 (RLIN) 373923
700 1# - Други автори (авторска отговорност)
Лично име Василева, Албена
Автороска отговорност (Описва отношението между автора и произведението) прев. от англ.
9 (RLIN) 370593
852 ## - Местоположение
Форматна сигнатура Цб 214947
856 4# - Електронен адрес и достъп
Електронен формат pdf - файл
Път до файла /url/
856 4# - Електронен адрес и достъп
Електронен формат pdf - файл
Път до файла /url/
942 ## - АРТИКУЛИ
Вид на библиотечния материал Книги
Скрит в OPAC Не
944 ## - СЪЗДАВАНЕ И РЕДАКЦИЯ на ЗАПИСА
Създаване/Редакция Създаване
Дата на регистрацията/редакция 01.01.2000
Служител, извършил регистрацията/редакцията Геновева_Генчева
944 ## - СЪЗДАВАНЕ И РЕДАКЦИЯ на ЗАПИСА
Създаване/Редакция Редакция
Дата на регистрацията/редакция 21.12.2004
Служител, извършил регистрацията/редакцията
999 ## - СИСТЕМНИ КОНТРОЛНИ НОМЕРА
Koha biblionumber 101269
Koha biblioitemnumber 101269
Наличности
Код за отписване Код за изгубен артикул Код за повреда Коз за рестрикции Код за отдаване Артикулен № Име на библиотеката - собственик Име на библиотеката, в която се намира в момента Статус (Текущо местоположение) Дата на вписване в системата Местоположение - отдел Цена в лева Инвентарен номер Систематично азбучна сигнатура Баркод Номер на екземпляра Цена в евро Служебна бележка Служебен тип на артикула
  Не е изгубен Не е повреден без рестрикции ползва се в читалня 162973 Регионална библиотека "Любен Каравелов" Русе Регионална библиотека "Любен Каравелов" Русе Читалня 2003-05-26 Читалня 4.90 120000676387 Ч 159.9/Р 98 120000676387 1 2.51 Дост: Pk Вид: Ф N: 1 Дата: 26.05.2003 Дата инв: 21.03.2017 Бележки инв: Ч2017 Книги
Vip Innovations Ltd, Rousse, Bulgaria 2025